Wing, Love guest and mother, Chang, Jae-ssi, Maekwon = 날개/사랑손님과 어머니/장삼이사/마권 외 / (Record no. 356397)
[ view plain ]
| 000 -LEADER | |
|---|---|
| fixed length control field | 01460nam a22002537a 4500 |
| 003 - CONTROL NUMBER IDENTIFIER | |
| control field | SISC |
| 005 - DATE AND TIME OF LATEST TRANSACTION | |
| control field | 20180503104059.0 |
| 008 - FIXED-LENGTH DATA ELEMENTS--GENERAL INFORMATION | |
| fixed length control field | 180503b xxu||||| |||| 00| 0 eng d |
| 020 ## - INTERNATIONAL STANDARD BOOK NUMBER | |
| International Standard Book Number | 9788936462192 |
| 020 ## - INTERNATIONAL STANDARD BOOK NUMBER | |
| International Standard Book Number | 9788936462994 |
| 050 ## - LIBRARY OF CONGRESS CALL NUMBER | |
| Classification number | PL 992.2 |
| Item number | .C65 2005 |
| 100 ## - MAIN ENTRY--PERSONAL NAME | |
| Personal name | Choi, Won Sik |
| 245 ## - TITLE STATEMENT | |
| Title | Wing, Love guest and mother, Chang, Jae-ssi, Maekwon = 날개/사랑손님과 어머니/장삼이사/마권 외 / |
| Statement of responsibility, etc | Choi Won Sik ... [et al.] |
| 260 ## - PUBLICATION, DISTRIBUTION, ETC. (IMPRINT) | |
| Place of publication, distribution, etc | Paju, South Korea: |
| Name of publisher, distributor, etc | Changbi Publishers, |
| Date of publication, distribution, etc | 2005. |
| 300 ## - PHYSICAL DESCRIPTION | |
| Extent | 335 pages: |
| Other physical details | color illustrations; |
| Dimensions | 22 cm. |
| 440 ## - SERIES STATEMENT/ADDED ENTRY--TITLE | |
| Title | 20th century Korean novel |
| Volume number/sequential designation | no. 9 |
| 500 ## - GENERAL NOTE | |
| General note | Publisher's Review: In the <20th Century Korean Novel> Volume 9, the most representative modernist, Choi Myung-ik, and major works by Kwang Sup, Hyun Kyung Jun and Yu Yehrim. It is said that Choi Myung-ik's "rainy road", which delicately depicts the conflicts of the characters who can not compromise with reality, and "wing", " Through the "Omari" of Hyun Kyung-Jun, who shows the vision of breakthrough through the bond of love and mother, "Anemone's Madam" and the rough seafarers, who achieved excellent aesthetic accomplishment with a unique viewpoint, You can look at various branches at a glance. |
| 650 ## - SUBJECT ADDED ENTRY--TOPICAL TERM | |
| Source of heading or term | Library of Congress Subject Headings |
| Topical term or geographic name as entry element | Korean short story |
| 700 ## - ADDED ENTRY--PERSONAL NAME | |
| Personal name | Choi, Won Sik |
| 700 ## - ADDED ENTRY--PERSONAL NAME | |
| Personal name | Choi, Myung-ik |
| 700 ## - ADDED ENTRY--PERSONAL NAME | |
| Personal name | Hyun, Kyung Jun |
| 942 ## - ADDED ENTRY ELEMENTS (KOHA) | |
| Source of classification or shelving scheme | Library of Congress Classification |
| Koha item type | Books |
| Withdrawn status | Lost status | Source of classification or shelving scheme | Damaged status | Home library | Current library | Shelving location | Date acquired | Source of acquisition | Total Checkouts | Full call number | Barcode | Date last seen | Copy number | Price effective from | Koha item type | Date checked out |
|---|---|---|---|---|---|---|---|---|---|---|---|---|---|---|---|---|
| Library of Congress Classification | Luxembourg Library | Luxembourg Library | International Baccalaureate Section | 05/03/2018 | Library Fund | PL 992.2 .C65 2005 | IB0265 | 05/03/2018 | 1 | 05/03/2018 | Books | |||||
| Library of Congress Classification | Luxembourg Library | Luxembourg Library | International Baccalaureate Section | 05/03/2018 | Library Fund | PL 992.2 .C65 2005 | IB0266 | 05/03/2018 | 2 | 05/03/2018 | Books | |||||
| Library of Congress Classification | Luxembourg Library | Luxembourg Library | International Baccalaureate Section | 05/03/2018 | Library Fund | 1 | PL 992.2 .C65 2005 | IB0267 | 04/29/2024 | 3 | 05/03/2018 | Books | 04/29/2024 |